| 000 | 00427nam a22001577a 4500 | ||
|---|---|---|---|
| 999 |
_c192628 _d192628 |
||
| 008 | 220928b ||||| |||| 00| 0 eng d | ||
| 020 | _a9788123755533 | ||
| 100 | _aLopez, Leela J. | ||
| 245 |
_aLachu / _cby Leela J. Lopez; illustrated by Amitava Sengupta |
||
| 260 |
_aDehradun _bN.I.V.H. |
||
| 270 | _aN.I.V.H.,Dehradun | ||
| 300 | _a... | ||
| 490 | _v1-4 | ||
| 700 | _aLopez, Leela J. | ||
| 942 |
_2ddc _cBRLEN _kS _mLOP |
||